[Event "Esbjerg North Sea Cup-07"]
[Site "Esbjerg"]
[Date "1982.07.??"]
[Round "8"]
[White "Ftacnik, Lubomir"]
[Black "Westerinen, Heikki MJ"]
[Result "1-0"]
[WhiteElo "2560"]
[BlackElo "2440"]
[Annotator "Gagarin,V"]
[PlyCount "75"]
[EventDate "1982.07.??"]
[EventType "tourn"]
[EventRounds "11"]
[EventCountry "DEN"]
[EventCategory "8"]
[SourceTitle "MCL"]
[Source "ChessBase"]
[SourceDate "1999.07.01"]
[SourceVersion "1"]
[SourceVersionDate "1999.07.01"]
[SourceQuality "1"]

1. d4 Nf6 2. c4 d6 3. Nf3 Nbd7 4. Nc3 e5 5. g3 c6 6. e4 (6. Bg2 e4 $5 (6... Be7
) 7. Ng5 (7. Nh4 d5 $13) 7... d5 $13) 6... a6 $5 (6... Be7) 7. Bg2 b5 8. O-O $1
(8. a3 $6 Be7 9. O-O O-O $10) (8. c5 $5 Bb7 $1 (8... exd4 $6 9. Nxd4 dxc5 (9...
Nxc5 10. Nxc6 $1 Qc7 11. O-O Bb7 12. Nb4 $16) 10. Nxc6 Qc7 11. e5 $16) (8...
Qc7 $6 9. O-O (9. cxd6 $5 Bxd6 10. O-O O-O 11. dxe5 Nxe5 12. Nxe5 Bxe5 13. f4
Rd8 14. Qc2 Bd4+ 15. Kh1 $14) 9... dxc5 (9... exd4 10. Nxd4 (10. cxd6 $5 Bxd6
11. Nxd4 $16) 10... dxc5 (10... Nxc5 11. Nxc6 $16 (11. e5 $16)) 11. Nxc6 $16 (
11. Bf4 $16)) 10. dxe5 Nxe5 11. Nxe5 Qxe5 12. Bf4 Qe6 13. Re1 $5 $16 {/\ 14.a4
b4 15.Nd5!}) (8... dxc5 $6 9. dxe5 (9. Nxe5 $6 Nxe5 (9... Bb7 10. Nxd7 Qxd7 11.
e5 Nd5 $10) 10. dxe5 Qxd1+ 11. Nxd1 Nd7 12. f4 c4 $13) 9... Ng4 10. Bf4 (10. e6
fxe6 11. Ng5 Nde5 12. Qxd8+ Kxd8 $13) 10... Qe7 11. Qd6 $1 Qxd6 12. exd6 f6 13.
Rd1 $16) (8... b4 $6 9. Na4 Nxe4 10. cxd6 $16) 9. O-O (9. cxd6 Bxd6 10. dxe5
Nxe5 11. Bf4 Nxf3+ 12. Qxf3 Bxf4 13. Qxf4 c5 $10) 9... exd4 10. Nxd4 Nxc5 (
10... dxc5 11. Nf5 g6 (11... Ne5 12. f4 Nd3 13. e5 $16) 12. e5 $1 (12. Nd6+
Bxd6 13. Qxd6 Qe7 $44) 12... gxf5 (12... Nd5 13. Re1 $5 (13. Nxd5 cxd5 14. Nd6+
Bxd6 15. exd6 $40) 13... gxf5 14. e6 fxe6 15. Qh5+ Ke7 16. Qxf5 $16 {->}) (
12... Nxe5 $2 13. Bg5 $1 $16) 13. Bg5 $5 (13. exf6 Qxf6 $44) 13... Be7 14. exf6
Nxf6 15. Qe2 $16 {->}) 11. e5 dxe5 12. Re1 (12. Nxc6 Qxd1 (12... Qc7 $5 13.
Nxe5 Bxg2 14. Kxg2 Bd6 $10) 13. Rxd1 Rc8 (13... e4 14. Na5 Bc8 15. Bg5 $44) 14.
Nxe5 Bxg2 15. Kxg2 Be7 $10) 12... Be7 13. Rxe5 (13. Nxc6 Qxd1 14. Rxd1 e4 $13)
(13. Bxc6+ Bxc6 14. Nxc6 Qxd1 (14... Qc7 $5) 15. Rxd1 Rc8 16. Nxe5 $10) 13...
Ne6 (13... O-O 14. Nf5 Ne6 15. Qxd8 Bxd8 16. Nd6 Rb8 17. Nxb7 Rxb7 18. Bxc6 Rb8
$14 {^^}) 14. Nxe6 Qxd1+ 15. Nxd1 fxe6 16. Rxe6 Kf7 $10 {Gorelov,Gagarin}) 8...
Bb7 (8... b4 9. Na4 Nxe4 $2 10. dxe5 $16 (10. Nxe5 $16) (10. Re1 $16)) 9. Re1
b4 $6 (9... Be7 $5) 10. Na4 c5 (10... Be7 11. c5 $5 O-O (11... dxc5 12. dxe5
Ng4 13. Bf4 $16) 12. cxd6 Bxd6 13. dxe5 Nxe5 14. Nxe5 Bxe5 15. Nc5 $14 (15. Be3
$14)) 11. d5 $14 {()} g6 12. Nd2 $1 Bh6 (12... Bg7 13. f4 $14) 13. f4 $1 O-O (
13... exf4 $6 14. Nf3 g5 $6 15. e5 $16) 14. Nf3 exf4 $2 (14... Re8 $1 15. Qd3 (
15. fxe5 $2 Bxc1 16. Rxc1 (16. exf6 Bh6 $13) 16... Nxe5 17. Nxe5 Rxe5 $13)
15... Nh5 16. f5 Bxc1 17. Raxc1 $14) 15. Bxf4 $1 Bxf4 16. gxf4 $16 {[+]} Nh5 (
16... Re8 $5 17. e5 (17. Qd3 Nh5 $132) (17. Nd2 Nh5 18. Qf3 Qf6 $132) 17...
dxe5 18. fxe5 (18. Nxe5 $5 $36) 18... Ng4 19. e6 fxe6 20. h3 $36) 17. Qd2 Qf6
18. e5 $1 Qf5 (18... Qxf4 19. Qxf4 Nxf4 20. exd6 Rfe8 21. Re7 $16) 19. exd6
Nxf4 20. Re7 Nxg2 21. Qxg2 Rad8 22. Qg3 Bc8 23. Rf1 {/\ Ng5} Qf6 24. b3 Qg7 25.
Qf4 h6 26. Ne5 $1 {>< c5} g5 (26... Nxe5 27. Qxe5 Qxe5 28. Rxe5 Rxd6 29. Nxc5
$16) 27. Qf5 Nxe5 28. Qxe5 Qg6 $6 (28... Qxe5 29. Rxe5 Rxd6 30. Nxc5 $16) 29.
Nxc5 Bh3 (29... Rxd6 30. Ne4 $18) 30. Re1 Qc2 31. Qg3 Bf5 32. d7 $18 Qxa2 33.
Qf2 $1 Qxf2+ 34. Kxf2 Kg7 (34... a5 35. R1e5 Bg4 36. Kg3 $18 {/\ Nb7}) 35. Ne6+
$1 Bxe6 36. R1xe6 a5 37. Ra6 Rb8 38. c5 1-0

[Event "Beersheba 20th"]
[Site "Beersheba"]
[Date "2001.03.05"]
[Round "2"]
[White "Golod, Vitali"]
[Black "Klenburg, Mikhail"]
[Result "1-0"]
[WhiteElo "2591"]
[BlackElo "2332"]
[Annotator "Golod,V"]
[PlyCount "59"]
[EventDate "2001.03.04"]
[EventType "tourn"]
[EventRounds "11"]
[EventCountry "ISR"]
[EventCategory "8"]
[SourceTitle "CBM 082"]
[Source "ChessBase"]
[SourceDate "2001.05.17"]
[SourceVersion "1"]
[SourceVersionDate "2001.05.17"]
[SourceQuality "1"]

1. d4 d6 2. Nf3 Nf6 3. c4 Nbd7 4. Nc3 e5 5. e4 Be7 6. Be2 O-O 7. O-O c6 8. Be3
a6 ({On it and on the subsequent move,after:} 8... Ng4 {it is necessary to
react:} 9. Bd2) 9. d5 cxd5 10. cxd5 b5 11. b4 $5 (11. Nd2 $5 {It's main line.})
11... Nb6 12. h3 $5 {I want to prevent idea black- Bd7,Rc8 and also to secure
from:Ng4.} ({In this position, usually played:} 12. Nd2 {and now possibly:} Bd7
13. Rc1 Qb8 {[%cal Gf8c8]} 14. Nb3 Rc8 15. Na5 Ra7 $13) 12... Qc7 $146 ({
Now dubious:} 12... Bd7 {because of:} 13. Nxe5 dxe5 14. d6 {[%csl Re7]} Nc8 15.
dxe7 Nxe7 $14 {Gacso,T-Sutorikhin,J/Gyongyos,1994(0-1)(28)}) 13. Rc1 Qb8 ({
Weakly:} 13... Nc4 {in view of:} 14. Bg5 $1 $14 (14. Bxc4 $143 Qxc4 (14... bxc4
$6 $14) 15. a3 {[%csl Rc4]} Bd7 $13 (15... Nxe4 $2 16. Na4 Qa2 17. Ra1 {
[%csl Ra2]} Qxa1 18. Qxa1 bxa4 $16)) 14... h6 $140 $6 15. Bxf6 $1 Bxf6 16. a4 {
[%csl Rc4]} Bd7 17. axb5 axb5 18. Nxb5 Bxb5 19. Bxc4 Bxc4 20. Nd2 $16 {[%csl
Gc1,Rc4,Rc7]}) 14. Nd2 {[%cal Gd2b3,Gb3a5] My knight aspires to get on ideal
"parking".} Bd7 15. Nb3 Na4 ({It deserves attention:} 15... Rc8 $5 16. Na5 $140
Ra7 {[%cal Ga7c7] +/=/=}) 16. Qd3 $14 ({Much worse is:} 16. Bd3 Nb2 17. Qe2
Nxd3 18. Qxd3 Rc8 $11) 16... Rc8 $6 {[%mdl 16384] After this strategical
blunder I have a big positional advantage.} (16... Nb2 $6 17. Qb1 $1 Nc4 18.
Bxc4 bxc4 19. Na5 {[%csl Yb1,Rc4][%cal Yb1b4]}) ({Can be recommended:} 16...
Nxc3 17. Rxc3 Rc8 18. Rxc8+ Qxc8 19. Rc1 Qe8 $14) 17. Nxa4 $1 Rxc1 ({Hardly
better:} 17... bxa4 18. Rxc8+ Bxc8 (18... Qxc8 19. Rc1 Qb8 20. Na5 {transfer
to our game.}) 19. Na5 Qxb4 20. Nc6 Qb7 21. Rb1 Qd7 22. Bd1 $16 {[%csl Ra4]
[%cal Gd1a4]}) 18. Rxc1 bxa4 19. Na5 $1 Bb5 ({Impossibly:} 19... Qxb4 {in view
of:} 20. Nc6 {[%csl Rb4,Re7]} Bxc6 21. dxc6 {[%csl Gc6]} Qb8 22. c7 Qc8 23.
Qxa6 $1 $18 {[%csl Gc7]}) 20. Nc4 $16 (20. Qc2 $6 Bxe2 21. Qxe2 Nxe4 22. Nc6
Qb7 23. Qc4 f5 $13 (23... Nf6 24. Bg5 $5 $44)) 20... Qe8 {Having got in a
heavy position black have become puzzled and can not render worthy resistance.}
(20... Qd8 $142 {/\Nd8,Bg5}) 21. Rc3 {[%cal Gd3c2]} h6 22. Qc2 Rc8 $6 23. Bd3 {
[%csl Yd3][%cal Yd3c2] I have created temporary threat:Nxd6 and strategical
threat: Na5.} Rb8 (23... Nh5 $142 {[%cal Gh5f4]}) 24. a3 {[%csl Ya3][%cal
Ya3b4]} Bf8 $6 25. Na5 Bxd3 $2 {[%mdl 16384] It is equivalent to a loss of a
game.} (25... Be7 $142) 26. Qxd3 Qb5 27. Qc2 $1 $18 {<->c;weakness:Pa4,a6.} Nd7
28. Nc6 Ra8 $140 (28... Re8 29. Na7 Qb8 30. Qxa4 $18) 29. Na7 $1 Qb8 $2 (29...
Rxa7 $142 30. Bxa7 $18) 30. Rc8 (30. Rc8 Qb7 $8 31. Rc7 {[%csl Rb7,Rd7]} Qb8
32. Rxd7 $18) 1-0

[Event "Bad Woerishofen op 21st"]
[Site "Bad Woerishofen"]
[Date "2005.03.11"]
[Round "9"]
[White "Eingorn, Vereslav S"]
[Black "Espig, Lutz"]
[Result "1/2-1/2"]
[WhiteElo "2585"]
[BlackElo "2430"]
[Annotator "Gutman,L"]
[PlyCount "39"]
[EventDate "2005.03.04"]
[EventType "swiss"]
[EventRounds "9"]
[EventCountry "GER"]
[SourceTitle "EXT 2006"]
[Source "ChessBase"]
[SourceDate "2005.11.24"]
[SourceVersion "1"]
[SourceVersionDate "2005.11.24"]
[SourceQuality "1"]

1. d4 Nf6 2. c4 d6 3. Nf3 Nbd7 4. Nc3 e5 5. e4 Be7 6. Be2 O-O 7. O-O c6 8. Qc2
a6 9. Rd1 Qc7 10. Be3 b5 11. cxb5 cxb5 12. Rac1 Qb8 13. Nd5 (13. a4 b4 14. Nb1
Bb7 15. Nbd2 Rc8 16. Qb1) 13... Nxd5 14. exd5 Nf6 15. dxe5 dxe5 16. Bc5 Bxc5
17. Qxc5 Bb7 18. d6 Rc8 19. Qe3 Rd8 20. Nxe5 1/2-1/2

[Event "Taastrup"]
[Site "Taastrup"]
[Date "1992.??.??"]
[Round "?"]
[White "Romanishin, Oleg M"]
[Black "Nielsen, Peter Heine"]
[Result "1-0"]
[WhiteElo "2595"]
[BlackElo "2420"]
[Annotator "Hansen,Cu"]
[PlyCount "63"]
[EventDate "1992.02.??"]
[EventType "tourn"]
[EventRounds "9"]
[EventCountry "DEN"]
[EventCategory "13"]
[SourceTitle "CBM 028"]
[Source "ChessBase"]
[SourceDate "1992.06.01"]
[SourceVersion "1"]
[SourceVersionDate "1992.06.01"]
[SourceQuality "1"]

1. d4 {Ribli} Nf6 2. Nf3 c6 3. c4 d6 4. Nc3 Nbd7 5. e4 e5 6. Be2 Be7 7. O-O a6
(7... O-O {Ribli}) 8. d5 (8. Nh4 $5 g6 9. Bh6 Bf8 (9... Qb6 10. Nf3 Ng4 11. Bc1
$14 {Miles-Larsen 1980}) 10. Bxf8 Kxf8 11. Qd2 Kg7 12. f4 (12. dxe5 dxe5 13.
Qg5 Re8 14. Nf5+ Kg8 15. Nd6 Re6 16. Rad1 {Tesic-Vratonjic 1991} Qc7 $1 $13)
12... exd4 13. Qxd4 Qb6 14. Qxb6 Nxb6 15. Bd3 $14 {Dreev-Serper 1989}) (8. c5
$5 {Ribli} exd4 9. cxd6 dxc3 10. dxe7 Qxe7 11. bxc3 O-O 12. Re1 Qxe4 13. Ba3 c5
14. Qd6 $146 {Bologan,V-Nielsen,Pe Wchj-Mamaia 1991 EXP/25}) 8... Nc5 (8...
cxd5 9. cxd5 b5 10. b4 Nb6 (10... O-O {Ribli} 11. a4 $14) 11. Be3 (11. Nd2 Bd7
12. Bb2 O-O 13. Bd3 g6 $10 {Priehoda-Pichler 1990}) 11... Ng4 12. Bd2 Bd7 13.
Ne1 Nf6 $10 {Vekshenkov-Serper 1989}) 9. Qc2 (9. Nd2 a5 10. b3 O-O 11. a3 Bd7
12. Rb1 cxd5 13. cxd5 b5 $10 {Polugajevski-Larsen 1982}) 9... cxd5 10. cxd5 Qc7
{/\Ncxe4} 11. Qb1 {/\b2-b4} Bd7 12. Be3 Ng4 (12... O-O {Ribli} 13. Rc1 Ng4 14.
Bd2 Qb6 15. Be1 (15. h3 $5 Nxf2 16. Be3 $1 $16) 15... Rfc8 16. h3 Nf6 17. Nd2
$14) 13. Bd2 O-O 14. h3 Nf6 15. Rc1 Qb8 16. Be3 Rc8 17. Nd2 Na4 18. Nxa4 Rxc1+
19. Qxc1 Bxa4 20. b3 Bd7 21. a4 {/\Nc4} b5 22. axb5 Bxb5 23. Bxb5 Qxb5 (23...
axb5 24. Rxa8 Qxa8 25. Qc7 $14) 24. Ra4 $16 {ץe7,><d6} Bd8 25. Qa3 Bb6 (25...
Bc7 26. Rc4 $16) 26. Bxb6 Qxb6 27. Nc4 $18 Qd4 28. Nxd6 Qc3 29. Rxa6 Rxa6 30.
Qxa6 Qe1+ 31. Kh2 g6 32. Qa7 {Hansen,C} 1-0

[Event "YUG-ch 56th"]
[Site "Herceg Novi"]
[Date "2001.03.23"]
[Round "1"]
[White "Djukic, Nikola"]
[Black "Tosic, Miroslav"]
[Result "0-1"]
[WhiteElo "2389"]
[BlackElo "2519"]
[Annotator "Hecht,H"]
[PlyCount "106"]
[EventDate "2001.03.23"]
[EventType "tourn"]
[EventRounds "15"]
[EventCountry "YUG"]
[EventCategory "10"]
[SourceTitle "CBM 083"]
[Source "ChessBase"]
[SourceDate "2001.07.05"]
[SourceVersion "1"]
[SourceVersionDate "2001.07.05"]
[SourceQuality "1"]

1. d4 Nf6 2. c4 c6 3. Nc3 d6 4. e4 Nbd7 5. Nf3 e5 6. Be2 Be7 7. O-O O-O 8. Re1
Ne8 9. Qc2 b6 10. b4 Bb7 11. Bb2 Qc7 12. Rac1 g6 13. Qd2 Ng7 14. b5 c5 15. dxe5
Nxe5 16. Nxe5 dxe5 17. Nd5 Bxd5 18. cxd5 Rad8 19. f4 Bd6 20. Bc4 Kh8 21. g4 f6
22. f5 gxf5 23. exf5 Rg8 24. Kh1 Ne8 25. Rg1 Rd7 26. Rg2 Bf8 27. g5 Rxg5 28.
Rxg5 fxg5 29. Qxg5 Bg7 30. Rg1 Qd6 31. Qg3 Re7 32. Bc1 Nf6 33. Bg5 Ne4 34. Qh4
Nxg5 35. Qxg5 e4 36. Qg3 Qxg3 37. Rxg3 e3 38. Rg2 (38. Be2 $142 c4 39. d6 Re4
40. d7 Bf6 41. Rg1 (41. Kg2 c3 42. Kf3 Rd4 43. Kxe3 c2 44. Rg1 Rxd7 $19) 41...
Rd4 42. Rc1 Rxd7 43. Bxc4 $15 {z.B.} Rc7 {[%cal Re3e2]} 44. Kg2 Rc5 45. Kf3 Bg5
46. Ke2) 38... Re4 39. Rc2 Be5 40. Kg2 Rf4 41. Bd3 Rd4 42. Bc4 Kg7 43. Kf3 Bf4
44. Bb3 Bg5 45. Rc4 Rxd5 46. Re4 Rxf5+ 47. Kg4 Rf4+ $1 {Mit diesem taktischen
Witz zieht Schwarz den Kopf nicht nur aus der Schlinge, sondern gewinnt das
Läuferendspiel bei zwei Mehrbauern.} 48. Rxf4 Bxf4 {[%cal Re3e2]} 49. Kf3 Kf6
50. Ke2 (50. h3 $142 Ke5 51. Bg8 h6 52. Ke2 Kd4 53. h4 Bg3 54. h5 Bf4 {und
Schwarz muss nachweisen, dass er mit den nur um eine Linie getrennten
Freibauern in Verbindung mit dem Angriff auf die weißen Damenflügelbauern
gewinnen kann. Das sollte so gehen:} 55. Bf7 Kc3 56. Be6 Kb4 57. Bd7 c4 58. Be8
Ka3 59. Bf7 c3 60. Bb3 Kb2 61. Kd3 e2 62. Kxe2 c2 $19) 50... Ke5 51. Kd3 Bxh2
$1 52. Kxe3 Bg1+ 53. Kd3 h5 {Die um vier Linien getrennten Freibauern
entscheiden sofort.} 0-1

[Event "BIH-chT"]
[Site "Neum"]
[Date "2002.06.03"]
[Round "3.4"]
[White "Scekic, Milos"]
[Black "Burovic, Ismet"]
[Result "1/2-1/2"]
[WhiteElo "2419"]
[BlackElo "2372"]
[Annotator "Hecht,H"]
[PlyCount "134"]
[EventDate "2002.06.02"]
[EventType "team"]
[EventRounds "9"]
[EventCountry "BIH"]
[SourceTitle "CBM 090"]
[Source "ChessBase"]
[SourceDate "2002.09.20"]
[SourceVersion "1"]
[SourceVersionDate "2002.09.20"]
[SourceQuality "1"]
[WhiteTeam "Sokolac"]
[BlackTeam "Sarajevo"]
[WhiteTeamCountry "BIH"]
[BlackTeamCountry "BIH"]

1. d4 d6 2. c4 Nd7 3. Nc3 e5 4. Nf3 Ngf6 5. e4 Be7 6. Bd3 c6 7. O-O a6 8. h3
O-O 9. d5 Ne8 10. Be3 g6 11. b4 f5 12. c5 f4 13. cxd6 Bxd6 14. Bc5 Qe7 15. dxc6
bxc6 16. Qb3+ Kg7 17. Bxd6 Nxd6 18. Rfd1 Nb6 19. Na4 Be6 20. Qc2 Nxa4 21. Qxa4
Nb5 22. Bxb5 cxb5 23. Qa3 Bc4 24. Qc3 Rfe8 25. Rd2 Rad8 26. Nxe5 Qf6 27. Rxd8
Rxd8 28. Rc1 Rc8 29. Nd3 Qxc3 30. Rxc3 Kf6 31. Nxf4 Ke5 32. Ne2 Rd8 33. Re3
Rd1+ 34. Kh2 g5 35. Ng1 Bxa2 36. Nf3+ Kd6 37. Ra3 Bc4 38. Rxa6+ Kc7 39. Nxg5
Rb1 40. e5 Rxb4 41. Ra7+ Kb6 42. Rxh7 Rb2 43. Rh6+ Kc5 44. Ne4+ Kd4 45. e6 Kxe4
46. e7 Bf7 47. Rf6 Be8 48. Rf8 Bd7 49. e8=Q+ Bxe8 50. Rxe8+ {Verbundene
Freibauern gegen einen einzelnen. Schlechte weiße Königsführung!} Kd4 51. Kg3
b4 52. h4 b3 53. Rb8 Kc4 54. h5 Ra2 55. h6 Ra7 56. Kg4 (56. Kf4 $1 $18 {
[%cal Gg2g4,Gg4g5] macht den Weg für den g-Bauern frei, der für den h-Bauern
die rechte Hilfe wäre.}) 56... Kc3 57. f4 b2 58. Kh5 Ra5+ 59. Kg6 Ra6+ 60. Kg5
Ra8 61. Rxb2 Kxb2 62. g4 (62. h7 Kc3 63. f5 Kd4 64. Kf6 $1 {[%csl Ge5]} Ke4 (
64... Kd5 65. g4 Ra6+ 66. Kg7 Ra7+ 67. Kg6 Ra8 68. f6 Ke6 69. f7 Rf8 70. g5 Ke7
71. Kg7 Rxf7+ 72. Kh6 $18) 65. g4 Kf4 66. Kg7 Ra7+ 67. Kg6 Ra8 68. f6 $18)
62... Kc3 63. Kh5 Kd4 64. g5 $2 (64. h7 $1 Ke4 (64... Kd5 65. g5 Ke6 66. Kg6 $1
(66. g6 Kf6 67. Kh6 Rb8 68. g7 Rb1 $11 69. g8=N+) 66... Rb8 67. f5+ Ke5 68. f6
Ke6 69. f7 Ke7 70. Kg7 Rf8 71. g6 $18) 65. f5 Kf4 66. f6 Ke5 67. Kg6 Ke6 68. f7
$18) 64... Ke4 $11 65. g6 Kf5 66. h7 Ra1 67. Kh6 Rg1 (67... Rg1 68. h8=Q Rh1+
69. Kg7 Rxh8 70. Kxh8 Kxg6 $11) 1/2-1/2

[Event "YUG-ch"]
[Site "Novi Sad"]
[Date "1995.??.??"]
[Round "?"]
[White "Ristic, Nenad"]
[Black "Vukic, Milan"]
[Result "1/2-1/2"]
[WhiteElo "2395"]
[BlackElo "2450"]
[Annotator "Hecht,H"]
[PlyCount "162"]
[EventDate "1995.02.??"]
[EventType "tourn"]
[EventRounds "17"]
[EventCountry "YUG"]
[EventCategory "10"]
[SourceTitle "CBM 049"]
[Source "ChessBase"]
[SourceDate "1995.12.01"]
[SourceVersion "1"]
[SourceVersionDate "1995.12.01"]
[SourceQuality "1"]

1. d4 Nf6 2. c4 d6 3. Nc3 Nbd7 4. Nf3 c6 5. e4 e5 6. Be2 Be7 7. O-O O-O 8. Qc2
a6 9. h3 b5 10. Rd1 Qc7 11. Bg5 Bb7 12. Rac1 Rac8 13. a3 Rfe8 14. Qb3 exd4 15.
Nxd4 Nc5 16. Qc2 bxc4 17. Bxc4 Nfxe4 18. Nxe4 Nxe4 19. Bf4 Bf8 20. Nf5 Qd7 21.
Ne3 d5 22. Be2 g6 23. Bf3 Qe7 24. Qb3 Ba8 25. Qb6 Qb7 26. Qa5 f5 27. Rc2 Qb5
28. Qe1 Qb6 29. Qf1 Bb7 30. h4 Qd8 31. g3 Qf6 32. Qd3 Rcd8 33. Qb3 Rd7 34. Qb6
Qd8 35. Qb3 c5 36. Bxe4 fxe4 37. Rcd2 c4 38. Nxc4 Bc5 39. Be3 Bf8 40. Nb6 Rf7
41. Nxd5 Qd6 42. Nc3 Qe6 43. Qxe6 Rxe6 44. Rd8 Kg7 45. R1d7 Rxd7 46. Rxd7+ Re7
47. Rd8 Re6 48. Rb8 Bc6 49. Rb6 Kf7 50. Rxa6 Bg7 51. Ra7+ Re7 52. Rxe7+ Kxe7
53. Kf1 Bxc3 54. bxc3 {ungleiche L; Blockade nicht weit genug getrennter
Freibauern bzw. Hemmung der K-Flügelmehrheit durch Angriff der Basis} Bb5+ 55.
Ke1 Ke6 56. Kd2 Kd5 57. Bh6 Kc4 58. Bf8 h5 59. Bb4 Ba4 60. Ke3 Bc2 61. a4 Bxa4
62. Kxe4 Bc2+ 63. Kf4 Kd5 64. f3 Bd1 65. Bf8 Be2 66. Bg7 Bd1 67. Ke3 Kc4 68.
Ke4 Bc2+ 69. Kf4 Bd1 70. g4 Kd3 $1 (70... hxg4 $2 71. fxg4 Kd3 72. Kg5 Kc4 73.
h5 gxh5 74. gxh5 $18) 71. Kg3 Be2 72. Kf2 (72. gxh5 gxh5 73. f4 Bg4 $10 {
Festung}) 72... hxg4 73. f4 Bd1 74. f5 gxf5 75. Kg3 (75. h5 g3+ $10) 75... Ke4
76. Bh6 Kd3 77. Bf4 Kxc3 78. h5 Bb3 79. Kh4 Bg8 80. Kg5 g3 81. Bxg3 f4 1/2-1/2

[Event "Petrov Memorial op"]
[Site "St Petersburg"]
[Date "1996.??.??"]
[Round "3"]
[White "Lukin, Andrei M"]
[Black "Shchukin, Dmitry"]
[Result "1/2-1/2"]
[WhiteElo "2455"]
[BlackElo "2320"]
[Annotator "Hecht,H"]
[PlyCount "127"]
[EventDate "1996.02.??"]
[EventType "swiss"]
[EventRounds "9"]
[EventCountry "RUS"]
[SourceTitle "CBM 052"]
[Source "ChessBase"]
[SourceDate "1996.06.01"]
[SourceVersion "1"]
[SourceVersionDate "1996.06.01"]
[SourceQuality "1"]

1. d4 Nf6 2. c4 d6 3. Nf3 c6 4. Nc3 Nbd7 5. g3 e5 6. Bg2 Be7 7. e4 a6 8. a4 a5
9. O-O O-O 10. h3 Re8 11. Be3 Qc7 12. Qc2 Nf8 13. Rad1 Ng6 14. b3 h5 15. Ne2
Nh7 16. c5 exd4 17. cxd6 Bxd6 18. Nfxd4 h4 19. g4 Nf4 20. Nxf4 Bxf4 21. Bxf4
Qxf4 22. Ne2 Qc7 23. f4 Qb6+ 24. Kh1 Be6 25. Nd4 Rad8 26. Nxe6 Rxd1 27. Rxd1
Rxe6 28. Qd3 Re8 29. g5 Nf8 30. f5 Re7 31. Qd8 Qxb3 32. g6 fxg6 33. fxg6 Re8
34. Qxe8 Qxd1+ {[#] DL-DS: Möglicher Überagng in ein zweites Endspiel DL-DS 
(siehe Analyse zu Zug 48...Sc3!? - Taktik); sonst ab Zug 44 L vs S} 35. Kh2
Qd6+ 36. e5 Qxg6 37. Qb8 Qf7 38. Kg1 Qe7 39. Bf1 g6 40. Kf2 Kg7 41. Be2 Ne6 42.
Ke3 Qc7 43. Qxc7+ Nxc7 44. Bc4 g5 45. Kf3 b5 46. Bb3 c5 47. axb5 Nxb5 48. Kg4 {
[#]} Nd4 (48... Nc3 49. Kf5 a4 50. Bc4 a3 51. e6 a2 52. e7 a1=Q 53. e8=Q Qb1+
54. Kxg5 Ne4+ 55. Kf4 (55. Kxh4 Qe1+ $19) 55... Qc1+ 56. Kf3 Qxc4 57. Qe7+ Qf7+
58. Qxf7+ Kxf7 59. Kxe4 Ke6 60. Kd3 Kd5 61. Kc3 Ke4 62. Kc4 Kf3 63. Kxc5 Kg3
64. Kd4 Kxh3 65. Ke3 Kg2 $19) 49. Bc4 Kg6 50. Bd3+ Kh6 51. Bc4 Nc2 52. Bb5 Ne3+
53. Kf3 Nd5 54. Kg4 Ne7 55. Kf3 Kg6 56. Kg4 c4 57. Bxc4 a4 58. Bd3+ Kh6 59. Bb1
a3 60. Ba2 Kg6 61. Bb1+ Kh6 62. Ba2 Nc6 63. Kf5 Ne7+ 64. Kg4 1/2-1/2